NREs do Paraná: Área Metropolitana Sul - Statistics

Estatísticas Gerais
  • Esse quiz foi jogado 3 vezes
  • A pontuação média é 7 de 14
Respostas no mapa
Respostas codificadas por cores de uma escala verde-vermelha no mapa do quiz de acordo com a % correta abaixo.
 
Estatísticas das Respostas
Resposta % Correto
Campo Largo
100%
Araucária
67%
Balsa Nova
67%
Contenda
67%
Fazenda Rio Grande
67%
Lapa
67%
Mandirituba
67%
São José dos Pinhais
67%
Agudos do Sul
33%
Campo do Tenente
33%
Piên
33%
Quitandinha
33%
Tijucas do Sul
33%
Rio Negro
0%
Nenhum quiz correspondente encontrado
Distribuição das Pontuações
Porcentagem de Pessoas com Cada Pontuação
Percentil de Números Respondidos
Sua Pontuação Histórica
Você não jogou esse quiz